Statistics for all video games that i play

Click here to take the quiz!

General Stats

  • This quiz has been taken 18 times
  • The average score is 3 of 15

Answer Stats

you dont get a hintAnswer% Correct
efortnite
94%
eminecraft
81%
eapexlegends
19%
ecallofdutywarfare
13%
eclashofclans
6%
egeometrydash
6%
egeometrydashmeltdown
6%
egeometrydashsubzero
6%
emeteorsattack
6%
eminecraftdungeons
6%
eminecraftearth
6%
epolybridge
6%
epolybridge2
6%
estickmanlegacy
6%
evrgames
6%

Score Distribution

Percentile by Number Answered

Percent of People with Each Score

Your Score History

You have not taken this quiz